000 01051nam a22002657a 4500
005 20240530110945.0
008 221114s 2021ua ah g b 000 0 ara d
017 _a2021/7899
_bمصر. دار الكتب
020 _a9789778126150
040 _aEG-CaGPL
_cEG-CaGPL
082 0 4 _221
_a520
_bم م
100 0 _aممدوح الغالى
245 1 0 _aمسبار الامل الى عالم الفضاء /
_cممدوح الغالى ؛ تدقيق المادة العلمية اشرف لطيف تادرس
250 _aط.1
260 _aالقاهرة :
_bالمكتب العربى للمعارف،
_c2021.
300 _a235 ص. :
_bايض ؛
_c30 سم .
504 _aيشتمل على ارجاعات ببليوجرافية
650 0 7 _2qrmak
_aالاقمار الصناعية
650 0 7 _2qrmak
_aالفضاء الخارجى
650 0 7 _2qrmak
_aالفضاء الخارجى
_xاكتشافات
651 _2qrmak
700 0 _aاشرف لطيف تادرس
_eمدقق
942 _2ddc
_cBK
999 _c66882
_d66882